I’m Your Man - Mitski - All Lyrics - Statistics

General Stats
  • This quiz has been taken 148 times
  • The average score is 83 of 103
Answer Stats
Answer % Correct
a
100%
I
100%
I?
100%
I'm
100%
I’m
100%
man
100%
You
100%
you
100%
your
100%
an
99%
and
99%
dog
96%
me
96%
me,
96%
You're
96%
you're
96%
god
95%
like
95%
Like
95%
angel,
94%
love
92%
am
91%
the
91%
it,
90%
it
90%
don't
88%
Or
88%
one
87%
One
87%
So,
87%
when
87%
believe
86%
No
84%
leave
83%
will
83%
should
82%
deserve
81%
ever
81%
die
79%
sorry
78%
destroy
74%
again
71%
betray
70%
can
70%
feel
61%
I’ll
55%
by
53%
near
53%
out
52%
day,
51%
gettin'
51%
never
49%
figure
48%
to
48%
you'll
47%
always
45%
comin'
45%
were
45%
down
44%
after
42%
all
42%
gave
42%
way
42%
hounds
40%
People
40%
blame
38%
flashlights
35%
meet
35%
Others
35%
judgment
23%
No matching quizzes found
Score Distribution
Percent of People with Each Score
Percentile by Number Answered
Your Score History
You have not taken this quiz